Chromatography, or, A treatise on colours and pigments : and of their powers in painting /

Bibliographic Details
Main Author: Field, George, 1777?-1854
Format: Book
Language:English
Published: London : Tilt and Bogue, 1841.
Edition:New ed., improved.
Subjects:

MARC

Tag First Indicator Second Indicator Subfields
LEADER 00000cam a2200000 a 4500
001 in00000099600
005 20150924160226.0
008 770617s1841 enka b 00110 eng
010 |a  11032935  
035 |a (OCoLC)03047964 
035 |9 AAL0215AM 
040 |a DLC  |c UPM  |d SER  |d TXA  |d UtOrBLW 
049 |a TXAM  |c [802646] 
050 0 0 |a ND1280  |b .F45 
090 |a ND1280  |b .F45 1841 
100 1 |a Field, George,  |d 1777?-1854. 
245 1 0 |a Chromatography, or, A treatise on colours and pigments :  |b and of their powers in painting /  |c by George Field. 
250 |a New ed., improved. 
264 1 |a London :  |b Tilt and Bogue,  |c 1841. 
300 |a xviii, 424 pages :  |b  color illustrations ;  |c 22 cm. 
336 |a text  |b txt  |2 rdacontent 
337 |a unmediated  |b n  |2 rdamedia 
338 |a volume  |b nc  |2 rdacarrier 
500 |a Half-title: Field's chromatography. 
504 |a Includes bibliographical references and index. 
650 0 |a Color. 
650 0 |a Colors. 
650 0 |a Painting  |x Technique. 
740 2 2 |a A treatise on colours and pigments and of their powers in painting. 
740 0 |a Field's chromatography. 
999 |a MARS 
999 f f |s 9a252074-c9f9-3d98-b567-04a319ab6f4b  |i 056abbdc-9fd8-39c6-aa1f-18991ecc4e45  |t 0 
952 f f |p noncirc  |a Texas A&M University  |b J.J. Pickle Campus  |c High Density Repository  |d Remote Storage  |t 0  |e ND1280 .F45 1841  |h Library of Congress classification  |i unmediated -- volume  |m A14806270838 
998 f f |a ND1280 .F45 1841  |t 0  |l Remote Storage